[Event "27th Fajr Cup Masters 2019"]
[Site "Tehran"]
[Date "2019.02.09"]
[Round "7.5"]
[White "Ter-Sahakyan, Samvel"]
[Black "Darini, Pouria"]
[Result "1/2-1/2"]
[WhiteElo "2593"]
[BlackElo "2475"]
[Annotator "ChessBase"]
[PlyCount "148"]
[EventDate "2019.02.05"]
[EventType "swiss"]
[EventCountry "IRI"]
[SourceTitle "playchess.com"]
[Source "ChessBase"]
[SourceQuality "1"]
[TimeControl "5400+30"]

1. e4 {[%emt 0:00:00]} c5 {[%emt 0:00:00]} 2. Nf3 {[%emt 0:00:00]} d6 {[%emt 0:00:00]} 3. Bb5+ {[%emt 0:00:00]} Nd7 {[%emt 0:00:39]} 4. c3 {[%emt 0:00:14]} Ngf6 {[%emt 0:01:33]} 5. Bd3 {[%emt 0:00:07]} b6 {[%emt 0:12:45]} 6. O-O {[%emt 0:07:19]} Bb7 {[%emt 0:00:09]} 7. Re1 {[%emt 0:00:07]} Rc8 {[%emt 0:11:49]} 8. Bc2 {[%emt 0:03:49]} Qc7 {[%emt 0:00:47]} 9. Na3 {[%emt 0:07:53]} a6 {[%emt 0:12:27]} 10. d4 {[%emt 0:03:13]} cxd4 {[%emt 0:00:03]} 11. cxd4 {[%emt 0:01:10]} e6 {[%emt 0:00:26]} 12. d5 {[%emt 0:08:24]} e5 {[%emt 0:00:50]} 13. Be3 {[%emt 0:04:04]} Ng4 {[%emt 0:06:02]} 14. Bg5 {[%emt 0:07:20]} h6 {[%emt 0:00:34]} 15. Bh4 {[%emt 0:00:30]} Ngf6 {[%emt 0:06:10]} 16. Rc1 {[%emt 0:17:00]} Be7 {[%emt 0:02:08]} 17. Qd2 {[%emt 0:08:24]} Qb8 {[%emt 0:02:37]} 18. Bb1 {[%emt 0:02:57]} O-O {[%emt 0:03:17]} 19. Nc4 {[%emt 0:00:35]} Rfe8 {[%emt 0:06:29]} 20. b4 {[%emt 0:01:16]} Rc7 {[%emt 0:06:49]} 21. Rc3 {[%emt 0:08:39]} Rec8 22. Rec1 Bd8 {[%emt 0:09:21]} 23. h3 {[%emt 0:02:59]} a5 {[%emt 0:04:01]} 24. a3 {[%emt 0:05:18]} axb4 {[%emt 0:00:55]} 25. axb4 {[%emt 0:00:02]} Ba6 {[%emt 0:04:26]} 26. Ne3 {[%emt 0:00:54]} Bb5 {[%emt 0:02:59]} 27. Nf5 {[%emt 0:02:59]} Rxc3 {[%emt 0:00:02]} 28. Rxc3 {[%emt 0:00:05]} Rxc3 {[%emt 0:01:15]} 29. Qxc3 {[%emt 0:00:02]} Kh7 {[%emt 0:00:30]} 30. N3d4 {[%emt 0:04:58]} exd4 {[%emt 0:01:46]} 31. Nxd4 {[%emt 0:00:07]} Kg8 {[%emt 0:01:11]} 32. Nxb5 {[%emt 0:00:27]} Nxe4 {[%emt 0:01:56]} 33. Qd4 {[%emt 0:03:56]} Bxh4 {[%emt 0:00:31]} 34. Qxe4 {[%emt 0:00:22]} Bf6 {[%emt 0:00:02]} 35. Qh7+ {[%emt 0:01:24]} Kf8 {[%emt 0:00:00]} 36. Bf5 {[%emt 0:00:30]} Ke7 {[%emt 0:00:21]} 37. Bxd7 {[%emt 0:00:41]} Kxd7 {[%emt 0:00:00]} 38. Qf5+ {[%emt 0:00:17]} Ke7 {[%emt 0:00:01]} 39. Qe4+ {[%emt 0:00:11]} Kf8 {[%emt 0:00:41]} 40. g3 {[%emt 0:00:20]} Be5 {[%emt 0:01:18]} 41. Qc4 {[%emt 0:00:25]} g5 {[%emt 0:01:05]} 42. Qc6 {[%emt 0:00:28]} Qd8 {[%emt 0:01:46]} 43. Kg2 {[%emt 0:00:25]} Kg8 {[%emt 0:01:12]} 44. Nc7 {[%emt 0:01:08]} Qf6 {[%emt 0:00:29]} 45. Qc2 {[%emt 0:00:44]} Bc3 {[%emt 0:00:29]} 46. Qe4 {[%emt 0:00:09]} Bd4 {[%emt 0:00:26]} 47. f4 {[%emt 0:00:57]} gxf4 {[%emt 0:00:12]} 48. Qxf4 {[%emt 0:00:18]} Qxf4 {[%emt 0:00:20]} 49. gxf4 {[%emt 0:00:08]} Bc3 {[%emt 0:00:00]} 50. b5 {[%emt 0:00:47]} Kf8 {[%emt 0:00:23]} 51. Kf3 {[%emt 0:00:51]} Ke7 {[%emt 0:00:21]} 52. Na6 {[%emt 0:00:05]} Bd2 {[%emt 0:01:41]} 53. Nb8 {[%emt 0:00:51]} f5 {[%emt 0:00:39]} 54. Nc6+ {[%emt 0:00:28]} Kf6 {[%emt 0:00:03]} 55. Nd4 {[%emt 0:00:12]} Bc3 {[%emt 0:00:22]} 56. Ne6 {[%emt 0:00:22]} Ke7 {[%emt 0:00:16]} 57. Ke2 {[%emt 0:00:43]} Kd7 {[%emt 0:00:37]} 58. Kd3 {[%emt 0:00:38]} Bf6 {[%emt 0:00:13]} 59. Kd2 {[%emt 0:00:14]} Bb2 {[%emt 0:00:52]} 60. Ke2 {[%emt 0:00:29]} Bf6 {[%emt 0:00:10]} 61. Kf2 {[%emt 0:00:17]} Bc3 {[%emt 0:00:53]} 62. Kf3 {[%emt 0:00:14]} Ke7 {[%emt 0:00:29]} 63. Ke3 {[%emt 0:01:15]} Kd7 {[%emt 0:00:04]} 64. Kf2 {[%emt 0:00:29]} Ke7 {[%emt 0:00:16]} 65. Kg3 {[%emt 0:00:04]} Be1+ {[%emt 0:00:04]} 66. Kg2 {[%emt 0:00:03]} Bc3 {[%emt 0:00:06]} 67. h4 {[%emt 0:00:08]} Kd7 {[%emt 0:00:36]} 68. h5 {[%emt 0:00:10]} Ke7 {[%emt 0:00:54]} 69. Kf3 {[%emt 0:00:04]} Kd7 {[%emt 0:00:24]} 70. Nf8+ {[%emt 0:00:53]} Ke8 {[%emt 0:00:14]} 71. Ne6 {[%emt 0:00:07]} Kd7 {[%emt 0:00:03]} 72. Ke3 {[%emt 0:00:04]} Bf6 {[%emt 0:00:13]} 73. Kd3 {[%emt 0:00:16]} Bb2 {[%emt 0:00:25]} 74. Kc2 {[%emt 0:01:05]} Bf6 {[%emt 0:00:07]} 1/2-1/2

[Event "27th Fajr Cup Masters 2019"]
[Site "Tehran"]
[Date "2019.02.09"]
[Round "7.6"]
[White "Mosadeghpour, Masoud"]
[Black "Veisi, Bardia"]
[Result "1-0"]
[WhiteElo "2531"]
[BlackElo "2243"]
[Annotator "ChessBase"]
[PlyCount "89"]
[EventDate "2019.02.05"]
[EventType "swiss"]
[EventCountry "IRI"]
[SourceTitle "playchess.com"]
[Source "ChessBase"]
[SourceQuality "1"]
[TimeControl "5400+30"]

1. e4 {[%emt 0:03:45]} c5 {[%emt 0:00:22]} 2. Nf3 {[%emt 0:00:03]} d6 {[%emt 0:00:05]} 3. d4 {[%emt 0:00:12]} cxd4 {[%emt 0:00:06]} 4. Nxd4 {[%emt 0:00:08]} Nf6 {[%emt 0:00:06]} 5. Nc3 {[%emt 0:00:05]} a6 {[%emt 0:00:05]} 6. Bg5 {[%emt 0:00:07]} e6 {[%emt 0:00:31]} 7. Qf3 {[%emt 0:00:06]} Nbd7 {[%emt 0:00:07]} 8. O-O-O {[%emt 0:00:08]} Qc7 {[%emt 0:00:06]} 9. Bd3 {[%emt 0:00:30]} b5 {[%emt 0:02:56]} 10. Rhe1 {[%emt 0:02:26]} Bb7 {[%emt 0:00:20]} 11. a3 {[%emt 0:00:27]} Be7 {[%emt 0:07:54]} 12. Qg3 {[%emt 0:01:34]} Ne5 {[%emt 0:10:17]} 13. Kb1 {[%emt 0:10:08]} O-O {[%emt 0:02:25]} 14. f4 {[%emt 0:04:34]} Nxd3 {[%emt 0:02:49]} 15. Rxd3 {[%emt 0:01:38]} Rfe8 {[%emt 0:05:01]} 16. Qh4 {[%emt 0:02:49]} Qc4 {[%emt 0:22:14]} 17. Ree3 {[%emt 0:28:15]} h6 {[%emt 0:02:28]} 18. Bxh6 {[%emt 0:04:55]} Nxe4 {[%emt 0:02:31]} 19. Qg4 {[%emt 0:04:26]} Bf8 {[%emt 0:05:18]} 20. Rxe4 {[%emt 0:17:29]} f5 {[%emt 0:13:30]} 21. Nxf5 {[%emt 0:00:30]} exf5 {[%emt 0:00:30]} 22. Rxc4 {[%emt 0:00:30]} bxc4 {[%emt 0:00:30]} 23. Qxf5 {[%emt 0:00:30]} cxd3 {[%emt 0:00:30]} 24. Bg5 {[%emt 0:00:30]} dxc2+ 25. Qxc2 Rab8 {[%emt 0:01:00]} 26. f5 {[%emt 0:01:51]} Bc6 {[%emt 0:03:20]} 27. Ka2 {[%emt 0:02:23]} Re1 {[%emt 0:02:51]} 28. Qd2 {[%emt 0:02:51]} Rg1 {[%emt 0:02:05]} 29. Qd4 {[%emt 0:00:41]} Rxg2 {[%emt 0:00:26]} 30. Qc4+ {[%emt 0:00:30]} Kh8 {[%emt 0:02:51]} 31. Qxc6 {[%emt 0:00:13]} Rxg5 {[%emt 0:00:25]} 32. Qc7 {[%emt 0:01:00]} Ra8 {[%emt 0:00:30]} 33. Qf7 {[%emt 0:00:43]} Rb8 {[%emt 0:00:59]} 34. Qc7 {[%emt 0:07:00]} Re8 {[%emt 0:00:40]} 35. Qf7 {[%emt 0:00:38]} Rb8 {[%emt 0:00:11]} 36. b4 {[%emt 0:01:13]} Rg2+ {[%emt 0:01:34]} 37. Kb3 {[%emt 0:00:01]} Rxh2 {[%emt 0:00:24]} 38. Nd5 {[%emt 0:00:38]} Rh6 {[%emt 0:05:02]} 39. Ka4 {[%emt 0:01:35]} g5 {[%emt 0:00:54]} 40. Nf6 {[%emt 0:02:09]} Bg7 {[%emt 0:01:08]} 41. Ne8 {[%emt 0:00:02]} Rh7 {[%emt 0:00:56]} 42. f6 {[%emt 0:00:01]} Bh6 {[%emt 0:00:10]} 43. Qg6 {[%emt 0:00:01]} g4 {[%emt 0:01:14]} 44. f7 {[%emt 0:00:09]} Bg7 {[%emt 0:00:31]} 45. Qf6 {[%emt 0:00:12]} 1-0

[Event "27th Fajr Cup Masters 2019"]
[Site "Tehran"]
[Date "2019.02.09"]
[Round "7.7"]
[White "Khodashenas, Mersad"]
[Black "Mousavi, Seyed Khalil"]
[Result "1/2-1/2"]
[WhiteElo "2455"]
[BlackElo "2485"]
[Annotator "ChessBase"]
[PlyCount "27"]
[EventDate "2019.02.05"]
[EventType "swiss"]
[EventCountry "IRI"]
[SourceTitle "playchess.com"]
[Source "ChessBase"]
[SourceQuality "1"]
[TimeControl "5400+30"]

1. e4 {[%emt 0:00:00]} c5 {[%emt 0:02:33]} 2. Nf3 {[%emt 0:00:00]} e6 {[%emt 0:00:07]} 3. d4 {[%emt 0:00:00]} cxd4 {[%emt 0:00:10]} 4. Nxd4 {[%emt 0:00:00]} Nf6 {[%emt 0:00:16]} 5. Nc3 {[%emt 0:00:00]} Nc6 {[%emt 0:00:08]} 6. Nxc6 {[%emt 0:00:00]} bxc6 {[%emt 0:00:07]} 7. e5 {[%emt 0:00:00]} Nd5 {[%emt 0:00:49]} 8. Ne4 {[%emt 0:00:00]} Qc7 {[%emt 0:00:29]} 9. f4 {[%emt 0:00:00]} Qb6 {[%emt 0:00:53]} 10. c4 {[%emt 0:00:12]} Bb4+ {[%emt 0:01:42]} 11. Ke2 {[%emt 0:00:02]} f5 {[%emt 0:00:19]} 12. exf6 {[%emt 0:07:20]} Nxf6 {[%emt 0:01:08]} 13. Be3 {[%emt 0:00:07]} Qa5 {[%emt 0:03:25]} 14. Nxf6+ {[%emt 0:02:13]} 1/2-1/2

[Event "27th Fajr Cup Masters 2019"]
[Site "Tehran"]
[Date "2019.02.09"]
[Round "7.8"]
[White "Noroozi, Omid"]
[Black "Grigoryan, Karen H."]
[Result "1-0"]
[WhiteElo "2336"]
[BlackElo "2590"]
[Annotator "TA"]
[PlyCount "99"]
[EventDate "2019.02.05"]
[EventType "swiss"]
[EventCountry "IRI"]
[SourceTitle "playchess.com"]
[Source "ChessBase"]
[SourceQuality "1"]

{[%evp 11,99,-4,17,0,7,-8,-8,0,0,4,8,-7,16,20,14,8,15,13,47,41,77,22,75,56,76,77,82,83,90,0,93,24,88,87,139,135,118,109,144,147,187,172,188,175,202,211,214,212,207,214,211,196,182,191,200,198,244,214,276,274,268,276,293,285,252,255,521,479,617,611,607,596,693,667,753,722,1230,1232,1675,1657,1502,1481,1927,1715,1576,1541,1359,1340,1108,1072]} 1. c4 e5 2. Nc3 Nf6 3. Nf3 Nc6 4. e3 Bb4 5. Qc2 O-O 6. Nd5 Re8 7. Ng5 {A28: English Opening: Four Knights Variation} g6 $1 {Threatens to win with ...Nxd5.} 8. h4 Bf8 9. Nxf6+ {The position is equal.} Qxf6 10. Ne4 Qd8 11. h5 d6 12. hxg6 hxg6 13. a3 Bg7 14. d3 f5 $146 ({Predecessor:} 14... d5 15. cxd5 Qxd5 {1-0 (37) Kovalenko,I (2684)-Berzinsh,R (2408) Tallinn 2017}) 15. Nc3 Ne7 16. Be2 (16. Bd2 $1 $16) 16... c6 (16... d5 $11) 17. e4 $16 f4 18. g3 Rf8 19. gxf4 exf4 20. Rg1 (20. Bd2 $1 $16) 20... Be6 (20... c5 $11) 21. Bf3 ({White should play} 21. Bg4 $16 Qd7 22. f3) 21... Be5 (21... c5 $11 {remains equal.}) 22. Bd2 b5 (22... Qe8 $142) 23. Ne2 ({Don't play} 23. cxb5 $6 cxb5 24. Ne2 (24. Nxb5 Rc8 $14) 24... Rc8 $14) 23... c5 24. cxb5 Qb6 25. Bc3 Qxb5 26. Bxe5 $1 dxe5 {[#]} 27. Qc3 $1 {[%cal Rc3e5]} Nc6 28. Rxg6+ {[%mdl 64] Double Attack} Kf7 29. Nxf4 $1 Nd4 {[#]} 30. Bh5 $1 ({Inferior is} 30. Rxe6 exf4 31. a4 Qb4 $17) 30... exf4 {[#]} 31. Qxd4 $1 {[%mdl 512]} cxd4 32. Rg5+ $1 {[%mdl 64] Discovered Attack} Kf6 33. Rxb5 Rg8 34. Rc1 Rg1+ 35. Kd2 Rxc1 36. Kxc1 $18 {[%mdl 4096] Endgame KRB-KRB} Rg8 37. Kd2 Rg1 38. Ke2 Rb1 $2 (38... Rh1) 39. Kf3 {White is clearly winning.} a6 40. Rb6 Ke5 {Black hopes to continue with ...Rd1.} 41. Bg4 Bxg4+ 42. Kxg4 {KR-KR} Rd1 43. Rxa6 Rxd3 44. f3 Rb3 45. Ra5+ Ke6 46. Rd5 Rxb2 47. Rxd4 Ra2 48. a4 {[%cal Ba3a4,Ba4a5][%mdl 32]} Ke5 49. Rd5+ Ke6 50. a5 {Accuracy: White = 72%, Black = 38%.} 1-0

[Event "27th Fajr Cup Masters 2019"]
[Site "Tehran"]
[Date "2019.02.10"]
[Round "8.1"]
[White "Ponkratov, Pavel"]
[Black "Fedorchuk, Sergey A."]
[Result "1/2-1/2"]
[WhiteElo "2630"]
[BlackElo "2604"]
[Annotator "TA"]
[PlyCount "18"]
[EventDate "2019.02.05"]
[EventType "swiss"]
[EventCountry "IRI"]
[SourceTitle "playchess.com"]
[Source "ChessBase"]
[SourceQuality "1"]

{[%evp 9,18,11,13,8,19,0,0,0,-2,0,10]} 1. d4 Nf6 2. c4 e6 3. Nc3 Bb4 4. Qc2 d6 5. e4 (5. Nf3 Nbd7 6. g3 b6 7. Bg2 Bb7 8. O-O O-O 9. Rd1 Bxc3 10. Qxc3 a6 11. b3 b5 12. c5 Be4 13. Qa5 Nb8 14. Bg5 {½-½ (31) Wojtaszek,R (2727)-Sargissian,G (2691) Batumi 2018}) 5... c5 {The position is equal.} 6. dxc5 {E32: Nimzo-Indian: Classical (4 Qc2): 4...0-0} Bxc5 7. Bg5 Nc6 $146 ({Predecessor:} 7... Nbd7 8. Bd3 a6 9. Nf3 h6 10. Bh4 g5 11. Bg3 Rg8 12. a3 Nh5 13. b4 Nxg3 14. hxg3 {0-1 (34) Orsatti,B-Perez,M Olavarria 2002}) 8. Nf3 h6 9. Bh4 g5 1/2-1/2

[Event "27th Fajr Cup Masters 2019"]
[Site "Tehran"]
[Date "2019.02.10"]
[Round "8.2"]
[White "Mirzoev, Azer"]
[Black "Firouzja, Alireza"]
[Result "0-1"]
[WhiteElo "2483"]
[BlackElo "2618"]
[Annotator "TA"]
[PlyCount "72"]
[EventDate "2019.02.05"]
[EventType "swiss"]
[EventCountry "IRI"]
[SourceTitle "playchess.com"]
[Source "ChessBase"]
[SourceQuality "1"]

{[%evp 13,72,26,47,0,0,0,5,-11,-6,-39,-34,-22,-27,-29,-29,-29,-23,-44,-22,-24,-19,-37,-24,-22,-22,-18,-19,-14,0,-29,-27,-20,-20,-30,-28,-26,-19,-225,-222,-213,-229,-293,-266,-314,-55,-197,-52,-391,-396,-383,-382,-783,-782,-767,-690,-696,-696,-650,-638,-598,-570]} 1. d4 Nf6 2. Nf3 g6 3. g3 Bg7 4. Bg2 O-O 5. O-O d6 6. c4 Bf5 7. Nc3 Ne4 8. Nxe4 {E60: King's Indian: Unusual lines and Fianchetto Variation without Nc3} (8. Bd2 Nc6 9. Nxe4 Bxe4 10. Bc3 d5 11. Qb3 dxc4 12. Qxc4 Qd7 13. Rfd1 Rfd8 14. d5 Bxd5 15. Qh4 Qf5 16. Rxd5 Rxd5 {½-½ (69) Mamedyarov,S (2746)-Caruana,F (2804) Shamkir 2016}) 8... Bxe4 9. Be3 d5 10. Qb3 $146 {The position is equal.} ({Predecessor:} 10. Rc1 Nc6 11. b3 e6 12. Qd2 dxc4 13. Rxc4 Qe7 14. Bg5 f6 15. Be3 Rfd8 16. Qb2 a5 17. Rfc1 Rd7 18. Ne1 Bxg2 19. Kxg2 e5 20. dxe5 Nxe5 21. Rd4 f5 {½-½ (21) Batchuluun,T (2525)-Wang,H (2680) Chengdu 2017}) 10... Nc6 {[%cal Bb8c6,Bc6a5,Ba5c4][%mdl 32]} 11. Qxb7 Na5 $1 {[%cal Ra5b7]} 12. Qb4 Nxc4 13. Bg5 Rb8 14. Qxe7 Qc8 15. Bc1 Nd6 16. Qg5 Nf5 17. Bh3 Qa6 18. Bxf5 $1 Bxf5 19. Re1 Rfe8 20. Qd2 Re4 21. b4 Rbe8 {[%cal Re4e2]} 22. e3 Bg4 23. Ne5 Bxe5 24. dxe5 Bf3 25. Bb2 $2 (25. Qxd5 $11 {and White stays safe.} Rxe3 26. Qd2 Rxe1+ 27. Qxe1) 25... Qe6 $1 $19 {[%cal Re6h3]} 26. Qd3 {[#]} Rh4 $1 ({Resist} 26... Rxb4 27. Bd4 $17) 27. Qf1 Qg4 ({Stronger than} 27... Rxb4 28. Bd4 $11) 28. e6 {Black must now prevent exf7+.} Qxe6 $2 ({Better is} 28... c6 $19 29. Be5 Rxe6) 29. e4 (29. Rec1 $1 $15) 29... dxe4 $40 {[%mdl 128] White needs to defend precisely.} (29... Rxe4 $19 30. Rxe4 Qxe4) 30. Qb5 $2 {[%mdl 8192]} (30. Rac1 $1 $15) 30... Rh5 31. Qf1 g5 32. Rac1 $2 {[#]} (32. Rad1) 32... Rxh2 $3 {[%mdl 512] Black is clearly winning.} 33. Kxh2 {[#]} g4 $1 {( -> ...Qh6+)} 34. Kg1 Qh6 {[%csl Gf3][%cal Rh6h1]} 35. Qg2 Bxg2 36. Kxg2 e3 {Accuracy: White = 35%, Black = 62%.} 0-1

[Event "27th Fajr Cup Masters 2019"]
[Site "Tehran"]
[Date "2019.02.10"]
[Round "8.3"]
[White "Ghaem Maghami, Ehsan"]
[Black "Mosadeghpour, Masoud"]
[Result "1/2-1/2"]
[WhiteElo "2540"]
[BlackElo "2531"]
[Annotator "ChessBase"]
[PlyCount "26"]
[EventDate "2019.02.05"]
[EventType "swiss"]
[EventCountry "IRI"]
[SourceTitle "playchess.com"]
[Source "ChessBase"]
[SourceQuality "1"]
[TimeControl "5400+30"]

1. Nf3 {[%emt 0:00:20]} d5 {[%emt 0:03:51]} 2. d4 {[%emt 0:00:47]} Nf6 {[%emt 0:00:14]} 3. c4 {[%emt 0:00:38]} e6 {[%emt 0:00:10]} 4. g3 {[%emt 0:00:12]} Bb4+ {[%emt 0:00:11]} 5. Bd2 {[%emt 0:00:08]} Be7 {[%emt 0:00:13]} 6. Bg2 {[%emt 0:00:10]} O-O {[%emt 0:00:31]} 7. O-O {[%emt 0:00:13]} c6 {[%emt 0:00:11]} 8. Qc2 {[%emt 0:00:19]} Nbd7 {[%emt 0:00:30]} 9. Bg5 {[%emt 0:01:36]} b6 {[%emt 0:01:51]} 10. Nc3 {[%emt 0:01:26]} Ba6 {[%emt 0:01:05]} 11. cxd5 {[%emt 0:00:34]} cxd5 {[%emt 0:01:41]} 12. Rfc1 {[%emt 0:00:12]} b5 {[%emt 0:04:28]} 13. a3 {[%emt 0:00:26]} h6 {[%emt 0:05:13]} 1/2-1/2

[Event "27th Fajr Cup Masters 2019"]
[Site "Tehran"]
[Date "2019.02.10"]
[Round "8.4"]
[White "Mousavi, Seyed Khalil"]
[Black "Asgarizadeh, Ahmad"]
[Result "1/2-1/2"]
[WhiteElo "2485"]
[BlackElo "2423"]
[Annotator "ChessBase"]
[PlyCount "44"]
[EventDate "2019.02.05"]
[EventType "swiss"]
[EventCountry "IRI"]
[SourceTitle "playchess.com"]
[Source "ChessBase"]
[SourceQuality "1"]
[TimeControl "5400+30"]

1. c4 {[%emt 0:02:41]} e6 {[%emt 0:00:24]} 2. Nf3 {[%emt 0:01:29]} d5 {[%emt 0:00:05]} 3. e3 {[%emt 0:00:38]} Nf6 {[%emt 0:00:26]} 4. b3 {[%emt 0:00:17]} Be7 {[%emt 0:00:43]} 5. Bb2 {[%emt 0:00:48]} O-O {[%emt 0:00:09]} 6. Be2 {[%emt 0:00:16]} dxc4 {[%emt 0:01:20]} 7. Bxc4 {[%emt 0:02:19]} c5 {[%emt 0:03:19]} 8. O-O {[%emt 0:02:24]} a6 {[%emt 0:00:05]} 9. a4 {[%emt 0:04:37]} Nc6 {[%emt 0:03:32]} 10. d4 {[%emt 0:00:37]} cxd4 {[%emt 0:10:23]} 11. Nxd4 {[%emt 0:00:08]} Nxd4 {[%emt 0:01:26]} 12. Bxd4 {[%emt 0:01:10]} Bd7 {[%emt 0:02:28]} 13. Nd2 {[%emt 0:04:21]} Bc6 {[%emt 0:09:46]} 14. Qe2 {[%emt 0:03:51]} Nd7 {[%emt 0:08:22]} 15. Rfd1 {[%emt 0:08:57]} Bf6 {[%emt 0:07:03]} 16. Nf3 {[%emt 0:02:01]} Qa5 {[%emt 0:09:06]} 17. e4 {[%emt 0:06:44]} Rac8 {[%emt 0:02:07]} 18. Qe3 {[%emt 0:06:16]} Rfd8 {[%emt 0:03:18]} 19. h3 {[%emt 0:02:00]} Ne5 {[%emt 0:11:13]} 20. Nxe5 {[%emt 0:07:48]} Bxe5 {[%emt 0:00:02]} 21. Bb6 {[%emt 0:00:48]} Rxd1+ {[%emt 0:01:02]} 22. Rxd1 {[%emt 0:00:06]} Qc3 {[%emt 0:01:00]} 1/2-1/2

[Event "27th Fajr Cup Masters 2019"]
[Site "Tehran"]
[Date "2019.02.10"]
[Round "8.5"]
[White "Alizadeh, Gh"]
[Black "Ter-Sahakyan, Samvel"]
[Result "0-1"]
[WhiteElo "2191"]
[BlackElo "2593"]
[Annotator "TA"]
[PlyCount "105"]
[EventDate "2019.02.05"]
[EventType "swiss"]
[EventCountry "IRI"]
[SourceTitle "playchess.com"]
[Source "ChessBase"]
[SourceQuality "1"]

{[%evp 20,105,-36,-55,-37,-62,-44,-58,-9,-105,-95,-89,-89,-76,-81,-93,-85,-135,-43,-76,-58,-294,-300,-296,-289,-317,-309,-632,-616,-741,-666,-908,-895,-879,-890,-756,-553,-530,-556,-546,-514,-969,-966,-953,-929,-1031,-1025,-953,-754,-748,-732,-750,-742,-713,-689,-755,-739,-805,-808,-766,-727,-766,-737,-903,-931,-971,-931,-1789,-1783,-1584,-1437,-2084,-2123,-4133,-3935,-3807,-3262,-2466,-2660,-6031,-4729,-29978,-1662,-1625,-1509,-1545,-1443,-29980]} 1. e4 c5 2. Nf3 d6 3. d4 cxd4 4. Nxd4 Nf6 5. Nc3 a6 6. Bc4 e6 {[%cal Be7e6,Be6e5][%mdl 32]} 7. f4 {B86: Sicilian Scheveningen/Najdorf: 6 Bc4, without early ...b5} (7. Bb3 Nbd7 8. O-O Nc5 9. Bg5 Be7 10. Re1 O-O 11. f4 h6 12. Bh4 Bd7 13. e5 dxe5 14. fxe5 Nd5 15. Bxe7 Nxe7 16. Ne4 Qc7 17. Qh5 Nxb3 18. axb3 {0-1 (32) Amonatov,F (2614)-Artemiev,V (2709) St Petersburg 2018}) 7... Be7 8. f5 b5 9. Bb3 e5 10. Nde2 Bb7 11. Ng3 {LiveBook: 5 Games} h5 {[%cal Bh7h5,Bh5h4][%mdl 32]} 12. Qf3 Nbd7 13. Be3 $146 ({Predecessor:} 13. Bg5 h4 14. Bxf6 Nxf6 15. Nge2 b4 16. Nd5 Nxd5 17. exd5 Qb6 18. a3 {0-1 (26) Kristjansson,B-Tukmakov,V Reykjavik 1972}) 13... Rc8 14. Nd5 (14. h4 $11 {remains equal.}) 14... h4 $17 15. Ne2 Bxd5 16. exd5 Nb6 $36 {[%mdl 2048] Black has strong initiative.} 17. O-O-O a5 {And now ...a4 would win.} 18. a3 b4 (18... Qc7 $17 {aiming for ...Nbxd5!} 19. Nc3 a4) 19. axb4 axb4 20. g3 $2 ({White should play} 20. Kb1 $15) 20... Nc4 $19 21. Bxc4 Rxc4 22. b3 {[#]} Rc8 $1 23. Kb1 $2 (23. Kb2) 23... Qc7 24. Rd2 {[%cal Bd1d2,Bd2a2,Ba2a7][%mdl 32]} Qa5 25. Rc1 O-O 26. c4 bxc3 27. Ra2 Qxd5 28. Qxd5 Nxd5 29. Bf2 Nb4 30. Ra7 (30. Rac2 $142 Nxc2 31. Rxc2) 30... c2+ 31. Ka1 Bg5 32. gxh4 Bxc1 33. Nxc1 Ra8 34. Rxa8 Rxa8+ {[%mdl 4096] Endgame KRN-KBN} 35. Kb2 Rc8 36. Be1 Nd5 37. b4 f6 38. Kb3 Kf7 39. Bd2 Ke7 40. h5 Kd7 41. h4 Ne7 42. h6 gxh6 43. Bxh6 Nxf5 44. Bd2 Nxh4 45. Bc3 d5 {[%cal Bd6d5,Bd5d4][%mdl 32]} 46. b5 d4 47. Ba5 Nf5 48. b6 Nd6 49. Bd2 Nc4 50. Kxc2 Nxb6+ (50... Nxd2+ $142 51. Kd1 {[#]} Rxc1+ $1 {[%mdl 512]} 52. Kxc1 e4 53. Kd1 d3 54. Kxd2 Kc6 55. b7 Kxb7 56. Kd1 f5 57. Kd2 f4 58. Kd1 e3 59. Kc1 d2+ 60. Kd1 f3 61. Kc2 f2 62. Kd3 d1=Q+ 63. Kc4 f1=Q+ 64. Kb4 Qf4+ 65. Ka3 Qc1+ 66. Kb3 Qfc4#) 51. Kd3 {Black is clearly winning.} Ke6 52. Ne2 Nd7 53. Ke4 {Precision: White = 23%, Black = 65%.} 0-1